Los lagos del deshielo / (Registro nro. 4123)
[ vista simple ]
| 000 -LEADER | |
|---|---|
| fixed length control field | 00869nam a2200241Ia 4500 |
| 003 - CONTROL NUMBER IDENTIFIER | |
| control field | OSt |
| 005 - DATE AND TIME OF LATEST TRANSACTION | |
| control field | 20250627101156.0 |
| 008 - FIXED-LENGTH DATA ELEMENTS--GENERAL INFORMATION | |
| fixed length control field | 191128s1992 sp er 000 p spa d |
| 020 ## - INTERNATIONAL STANDARD BOOK NUMBER | |
| International Standard Book Number | 8476831838 |
| 040 ## - CATALOGING SOURCE | |
| Original cataloging agency | CO-JMCR |
| Transcribing agency | CO-JMCR |
| 041 ## - LANGUAGE CODE | |
| Language code of text/sound track or separate title | spa |
| 082 04 - DEWEY DECIMAL CLASSIFICATION NUMBER | |
| Classification number | A-P |
| Item number | BAYg |
| 100 1# - MAIN ENTRY--PERSONAL NAME | |
| Personal name | Bayona, Juan Carlos, |
| Relator term | autor |
| 9 (RLIN) | 8649 |
| 245 10 - TITLE STATEMENT | |
| Title | Los lagos del deshielo / |
| Statement of responsibility, etc. | Juan Carlos Bayona |
| 250 ## - EDITION STATEMENT | |
| Edition statement | Primera edición |
| 260 ## - PUBLICATION, DISTRIBUTION, ETC. | |
| Place of publication, distribution, etc. | Madrid : |
| Name of publisher, distributor, etc. | Libertarias, |
| Date of publication, distribution, etc. | 1992 |
| 300 ## - PHYSICAL DESCRIPTION | |
| Extent | 49 páginas ; |
| Dimensions | 21 cm. |
| 490 0# - SERIES STATEMENT | |
| Series statement | Poesía |
| 500 ## - GENERAL NOTE | |
| General note | Incluye biofrafía |
| 505 ## - FORMATTED CONTENTS NOTE | |
| Formatted contents note | Madrid -- Claro de luna -- poema -- confesión mínima -- Retrato -- Dejar constancia -- Revelación -- Recuerdo de Roma -- Tres poemas para zenón de Elena -- Proposición -- Un día olvidaré -- Tomar el tren -- Esas niñas desvalidas --Los ancianos |
| 650 14 - SUBJECT ADDED ENTRY--TOPICAL TERM | |
| Topical term or geographic name entry element | Poesia |
| 9 (RLIN) | 8650 |
| 942 ## - ADDED ENTRY ELEMENTS (KOHA) | |
| Source of classification or shelving scheme | Dewey Decimal Classification |
| Koha item type | Books |
| Withdrawn status | Lost status | Source of classification or shelving scheme | Damaged status | Not for loan | Collection code | Home library | Current library | Date acquired | Source of acquisition | Full call number | Barcode | Date last seen | Copy number | Koha item type |
|---|---|---|---|---|---|---|---|---|---|---|---|---|---|---|
| Dewey Decimal Classification | Fiction | Biblioteca Pública José María del Castillo y Rada | Biblioteca Pública José María del Castillo y Rada | 11/28/2019 | Donación | A-P BAYg | 201808929 | 11/28/2019 | Ej.1 | Books |